| 000 | 01229cam a2200325 a 4500 | ||
|---|---|---|---|
| 003 | OSt | ||
| 005 | 20140310184503.0 | ||
| 008 | 030203s2003 nyua j 000 1 eng | ||
| 010 | _a 2003001875 | ||
| 020 | _a9780439376105 | ||
| 020 | _a0439376106 | ||
| 040 |
_aDLC _cDLC _dDLC |
||
| 050 | 0 | 0 |
_aPZ 7 _b.P63123Car 2003 |
| 100 | 1 |
_aPilkey, Dav, _d1966- _928737 |
|
| 245 | 1 | 0 |
_aCaptain Underpants and the big, bad battle of the Bionic Booger Boy, part 1 : _bthe night of the nasty nostril nuggets : the sixth epic novel / _cDav Pilkey. |
| 260 |
_aNew York : _bBlue Sky Press, _c2003. |
||
| 300 |
_a173 p. : _bill. ; _c22 cm. |
||
| 521 | _aG6 | ||
| 526 | _c840 | ||
| 650 | 1 |
_aSchool principals _vFiction. _928738 |
|
| 650 | 1 |
_aSchools _vFiction. _928739 |
|
| 650 | 1 |
_aHeroes _vFiction. _928740 |
|
| 650 | 1 |
_aHumorous stories. _93831 |
|
| 856 | 4 | 2 |
_3Publisher description _uhttp://www.loc.gov/catdir/description/schol051/2003001875.html |
| 856 | 4 | 1 |
_3Table of contents _uhttp://www.loc.gov/catdir/toc/fy045/2003001875.html |
| 906 |
_a7 _bcbc _corignew _d1 _eecip _f20 _gy-gencatlg |
||
| 942 |
_2lcc _cBK-SCHOLAS |
||
| 999 |
_c34766 _d34766 |
||